书目信息 |
| 题名: |
冰雪摇篮
|
|
| 作者: | 贾非 著 | |
| 分册: | ||
| 出版信息: | 上海 上海文艺出版社 1981.2 |
|
| 页数: | 519页 | |
| 开本: | 19cm | |
| 丛书名: | ||
| 单 册: | ||
| 中图分类: | I247.4 | |
| 科图分类: | ||
| 主题词: | 小说--中国 | |
| 电子资源: | ||
| ISBN: | ||
| 000 | 00491nam0 2200193 45 | |
| 001 | 0304011562 | |
| 005 | 20060914111722.04 | |
| 010 | @dCNY1.10 | |
| 091 | @a10078.3202 | |
| 100 | @a20030401d1981 km y0chiy0120 ea | |
| 101 | 0 | @achi |
| 200 | 1 | @a冰雪摇篮@ABing Xue Yao Lan@f贾非著@FJia Fei Zhu |
| 210 | @a上海@c上海文艺出版社@d1981.2 | |
| 215 | @a519页@d19cm | |
| 606 | 0 | @a小说@x中国 |
| 690 | @aI247.4@v3 | |
| 701 | 0 | @a贾非@4著 |
| 801 | @aCN@bTSTC@c20060914 | |
| 905 | @dI247.4@e113@f1@b43155 | |
| 冰雪摇篮/贾非著.-上海:上海文艺出版社,1981.2 |
| 519页;19cm |
| ISBN :CNY1.10 |
| ● |
| 相关链接 |
|
|
|
|
正题名:冰雪摇篮
索取号:I247.4/113
 
预约/预借
| 序号 | 登录号 | 条形码 | 馆藏地/架位号 | 状态 | 备注 |
| 1 | 0043153 | 001779579 | 密集书库/ [索取号:I247.4/113] | 在馆 | |
| 2 | 0043154 | 202246514 | 密集书库/ [索取号:I247.4/113] | 在馆 | |
| 3 | 0043155 | 000360175 | 第一样本阅览室/ [索取号:I247.4/113] | 在馆 | |
| 4 | 0457101 | 204571016 | 密集书库/ [索取号:I247.4/113] | 在馆 | |
| 5 | 0457102 | 204571025 | 密集书库/ [索取号:I247.4/113] | 在馆 | |
| 6 | 0473382 | 204733823 | 密集书库/ [索取号:I247.4/113] | 在馆 |